000 00300nam a22001337a 4500
008 170516b xxu||||| |||| 00| 0 eng d
020 _a9789280810936
041 _aeng
080 _a94 (100)
100 _a16
101 _aSHH
245 _aSOUTH ASIA IN THE WORLD
_cWIGGEN, R.TH
942 _2udc
_cBK
999 _c13342
_d13342